| 000 | 01277cam a2200229 4500 | ||
|---|---|---|---|
| 001 | WB4014-13 | ||
| 008 | 040406n2004 000 0 eng u | ||
| 035 | _a(Sirsi) u125765 | ||
| 245 | _aNational Trust shows up environmental disaster | ||
| 260 | _c2004 | ||
| 490 |
_aPlanning (for the Natural and Built Environment) _v 2 April 2004, 4(1) |
||
| 520 | _aA report, 'A sense of place: planning for the future in Northern Ireland', by the Independent Planning Commission established by the National Trust, condemns the building of single homes in the open countryside in Northern Ireland calling them an 'environmental disaster'. The report mentions several problems including a lack of awareness of urban design and not enough protection for built and natural heritage. There are also recommendations such as the creation of an independent design commission and the 'urgent designation' of conservation areas in Northern Ireland to protect buildings at risk. For the report: http://www.nationaltrust.org.uk/main/news/major_ne ws.html | ||
| 590 | _aWB | ||
| 590 | _aWB | ||
| 650 | _aNORTHERN IRELAND | ||
| 650 | _aNATIONAL TRUST | ||
| 650 | _aPLANNING SYSTEM | ||
| 650 | _aCONSERVATION AREAS | ||
| 650 | _aPROTECTED BUILDINGS | ||
| 690 | _aPLANNING | ||
| 942 | _n0 | ||
| 999 |
_c117172 _d117172 |
||